00254nam a2200097Ia 4500008004100000100003000041245002000071260003900091300000800130650001800138191201s2005 xx 000 0 und d aJAIN VISHAV BHARTI (Pub.) 0aAatma Ka Darsan aN. delhibJain Vishav Bhartic2005 a461 aGeneral Books